Visualizzazione normale
Vista MARC
- Marinoni Nazareno
di Personal Name
Records bibliografici associati: 1
001 - CONTROL NUMBER
- control field: 55122
003 - CONTROL NUMBER IDENTIFIER
- control field: IT-RoPau
005 - DATE AND TIME OF LATEST TRANSACTION
- control field: 20151204090239.0
008 - FIXED-LENGTH DATA ELEMENTS
- fixed length control field: 151204|| aca||aabn | a|a d
040 ## - CATALOGING SOURCE
- Original cataloging agency: IT-RoPau
- Transcribing agency: IT-RoPau
100 ## - HEADING--PERSONAL NAME
- Personal name: Marinoni Nazareno
- Relator term: (regista)
- Miscellaneous information: Codice regista SPICS: 37873
670 ## - SOURCE DATA FOUND
- Source citation: Work cat.: (IT-RoPau)108276: Marinoni Nazareno Codice regista SPICS: 37873 55120, DIO DELLA PROMESSA (IL)-UN PROGETTO DA SCOPRIRE DIO DELLA PROMESSA (IL)-UN PROGETTO DA SCOPRIRE (Rif. Codice opera principale : B2409)